Bhaarat mein paryaavaran- sanrakshan evan niyaamak sankhy ki bhumik (Record no. 508116)

000 -LEADER
fixed length control field 00364nam a2200133 4500
008 - FIXED-LENGTH DATA ELEMENTS--GENERAL INFORMATION
fixed length control field 190312b ||||| |||| 00| 0 eng d
100 ## - MAIN ENTRY--PERSONAL NAME
Personal name Mishra, Meena
245 ## - TITLE STATEMENT
Title Bhaarat mein paryaavaran- sanrakshan evan niyaamak sankhy ki bhumik
260 ## - PUBLICATION, DISTRIBUTION, ETC. (IMPRINT)
Date of publication, distribution, etc 2018
300 ## - PHYSICAL DESCRIPTION
Extent p.283-289.
773 ## - HOST ITEM ENTRY
Main entry heading Lok Prashasan
906 ## - LOCAL DATA ELEMENT F, LDF (RLIN)
Subject DIP Environment -- India
942 ## - ADDED ENTRY ELEMENTS (KOHA)
Item type Articles
Holdings
Withdrawn status Lost status Source of classification or shelving scheme Damaged status Not for loan Permanent location Current location Date acquired Serial Enumeration / chronology Barcode Date last seen Koha item type
          Indian Institute of Public Administration Indian Institute of Public Administration 2019-03-12 10(2), Jul-Dec, 2018: p.283-289. AR119194 2019-03-12 Articles

Powered by Koha